| 000 | 00835nam a2200217 a 4500 | ||
|---|---|---|---|
| 001 | 001108869 | ||
| 003 | AM-YeHGA | ||
| 005 | 20250617151733.0 | ||
| 008 | 151027s1976 ru 000 0 rus d | ||
| 040 | _aAM-YeHGA | ||
| 041 | 0 | _arus | |
| 100 | 1 | _aШидловский, Михаил Викентьевич | |
| 245 | 1 | 0 |
_aОпределитель грызунов Закавказья / _cМ.В. Шидловский; АН ГССР, Ин-т зоологии. |
| 250 | _a2-е изд. | ||
| 260 |
_aТбилиси : _bМецниереба, _c1976. |
||
| 300 |
_a255 с., 1 л. портр. : _bил. |
||
| 650 | 1 | 4 | _aГрызуны - Закавказье - Определители |
| 710 | 2 | _aАкадемия наук Грузинской ССР | |
| 710 | 2 | _aИнститут зоологии АН ГССР | |
| 090 | _c358992 | ||
| 999 |
_c357172 _d357172 |
||